Southville International School and Colleges
Your cart is empty.
  • Cart
  • Lists
    Public lists Eva Luna New books Lux_list list_1
    Your lists Log in to create your own lists
  • Log in to your account
  • Your cookies
  • Search history
Southville International School and Colleges
  • Advanced search
  • Recent comments
  • Most popular
  • Libraries

Log in to your account

Log in with GOOGLE


If you do not have an external account, but do have a local account, you can still log in:

  1. Home
  2. MARC view: Focus on nursing pharmacology /
Normal view MARC view ISBD view

Focus on nursing pharmacology / (Record no. 25393)

[ view plain ]
MARC details
000 -LEADER
fixed length control field 00889nam a2200277 a 4500
005 - DATE AND TIME OF LATEST TRANSACTION
control field 20140310183620.0
008 - FIXED-LENGTH DATA ELEMENTS--GENERAL INFORMATION
fixed length control field 121023s19uu xx 00 eng d
020 ## - INTERNATIONAL STANDARD BOOK NUMBER
International Standard Book Number 9781451120929
020 ## - INTERNATIONAL STANDARD BOOK NUMBER
International Standard Book Number 0781752698
050 ## - LIBRARY OF CONGRESS CALL NUMBER
Classification number RM 300
Item number .K37 2003
100 ## - MAIN ENTRY--PERSONAL NAME
Personal name Karch, Amy Morrison
245 ## - TITLE STATEMENT
Title Focus on nursing pharmacology /
Statement of responsibility, etc Amy M. Karch.
250 ## - EDITION STATEMENT
Edition statement 5th ed.
260 ## - PUBLICATION, DISTRIBUTION, ETC. (IMPRINT)
Place of publication, distribution, etc Philadelphia ; Baltimore ; New York ; London :
Name of publisher, distributor, etc Wolters Kluwer Health/Lippincott Williams & Wilkins,
Date of publication, distribution, etc 2003.
300 ## - PHYSICAL DESCRIPTION
Extent 886 p. :
Other physical details ill. ;
Dimensions 25 cm.
500 ## - GENERAL NOTE
General note Includes bibliographical references and index
521 ## - TARGET AUDIENCE NOTE
Target audience note
650 ## - SUBJECT ADDED ENTRY--TOPICAL TERM
Topical term or geographic name as entry element Pharmacology
650 ## - SUBJECT ADDED ENTRY--TOPICAL TERM
Topical term or geographic name as entry element Nursing
650 ## - SUBJECT ADDED ENTRY--TOPICAL TERM
Topical term or geographic name as entry element Pharmaceutical Preparations
General subdivision Nurses' Instruction
650 ## - SUBJECT ADDED ENTRY--TOPICAL TERM
Topical term or geographic name as entry element Drug Therapy
General subdivision Nurses' Instruction
650 ## - SUBJECT ADDED ENTRY--TOPICAL TERM
Topical term or geographic name as entry element Pharmacology
General subdivision Nurses' Instruction
942 ## - ADDED ENTRY ELEMENTS (KOHA)
Koha item type Books
Source of classification or shelving scheme Library of Congress Classification
Call number prefix Foreign
Holdings
Withdrawn status Lost status Source of classification or shelving scheme Damaged status Home library Current library Shelving location Date acquired Total Checkouts Full call number Barcode Date last seen Copy number Price effective from Koha item type
    Library of Congress Classification   College Library College Library General Circulation Section 12/18/2013   RM 300 .K37 2003 C4878 05/15/2018 1 12/18/2013 Books
    Library of Congress Classification   College Library College Library General Circulation Section 12/18/2013   RM 300 .K37 2003 C4879 05/15/2018 2 12/18/2013 Books

Focus on nursing pharmacology /

APA

Karch A. M., . (2003). Focus on nursing pharmacology. Philadelphia ; Baltimore ; New York ; London: Wolters Kluwer Health/Lippincott Williams & Wilkins.

Chicago

Karch Amy Morrison, . 2003. Focus on nursing pharmacology. Philadelphia ; Baltimore ; New York ; London: Wolters Kluwer Health/Lippincott Williams & Wilkins.

Harvard

Karch A. M., . (2003). Focus on nursing pharmacology. Philadelphia ; Baltimore ; New York ; London: Wolters Kluwer Health/Lippincott Williams & Wilkins.

MLA

Karch Amy Morrison, . Focus on nursing pharmacology. Philadelphia ; Baltimore ; New York ; London: Wolters Kluwer Health/Lippincott Williams & Wilkins. 2003.

  • Place hold
  • Print
  • Cite
  • Add to your cart (remove)
  • Save record
    BIBTEX Dublin Core MARCXML MARC (non-Unicode/MARC-8) MARC (Unicode/UTF-8) MARC (Unicode/UTF-8, Standard) MODS (XML) RIS
  • More searches
    Search for this title in:
    Other Libraries (WorldCat) Other Databases (Google Scholar) Online Stores (Bookfinder.com) Open Library (openlibrary.org)

Exporting to Dublin Core...

SOUTHVILLE LIBRARY

Southville International School and Colleges Library

1281 Tropical Ave. Cor. Luxembourg St., BF Homes International, Las Pinas City

Tel. No. 8256374 / 252358 Loc. 117/146

Powered by Koha